Statistics for Top 10 Australian PL appearance makers

Click here to take the quiz!

General Stats

  • This quiz has been taken 11 times
  • The average score is 3 of 10

Answer Stats

AppsAnswer% Correct
274Kewell
78%
240Viduka
67%
226Cahill
67%
514Schwarzer
44%
279Neill
22%
247Emerton
22%
206Bosnich
22%
166Lazaridis
0%
90Jedinak
0%
84Slater
0%

Score Distribution

Percentile by Number Answered

Percent of People with Each Score

Your Score History

You have not taken this quiz